000 00273 a2200121 4500
001 64553
082 _a891.4391 MEE
090 _c38181
_d38181
100 _aDr Jamil Jalbai
245 _aKuliaat-e-Meera Ji
260 _aLahore
_bSang-e-Meel
_c1996
300 _a1248p.
942 _aNUST-CAE
_k891.4391 MEE
999 _c299626
_d299626